000 01294cam a2200361 i 4500
003 EG-GICUC
005 20260315104835.0
008 081113s2009 enka frb 001 0 eng d
020 _a9780521896207
_qhbk.
020 _a0521896207
_qhbk.
040 _aDLC
_cDLC
_dYDXCP
_dBTCTA
_dBWKUK
_dBWK
_dCDX
_dNLGGC
_dCUD
_dDLC
_dEG-GICUC
_beng
_erda
043 _ae-uk---
050 0 0 _aK564.C6
_bH67 2009
082 0 0 _a343.09
_221
092 0 4 _221
099 _aLaw 12 2009
100 1 _aHörnle, Julia,
_d1970-
245 1 0 _aCross-border internet dispute resolution /
_cJulia Hörnle.
264 _aCambridge, UK ;
_aNew York :
_bCambridge University Press,
_c2009.
300 _axxxii, 286 pages :
_bill.ustrations;
_c24 cm.
336 _atext
_2rdacontent
337 _aComputer
_2rdamedia
338 _aOnline Resource
_2rdacarrier
504 _aIncludes bibliographical references (p. 264-273) and index.
650 0 _aElectronic commerce
_xLaw and legislation.
650 0 _aDispute resolution (Law)
_xAutomation.
650 0 _aDue process of law.
650 0 _aElectronic commerce
_xLaw and legislation
_zGreat Britain.
650 0 _aDispute resolution (Law)
_zGreat Britain.
856 4 0 _uhttps://fll.law.cu.edu.eg/fulltext/bks/ENGB12-00093.pdf
905 _a10
942 _2ddc
_cBK
_e21
_n0
999 _c66338
_d66338